Score 0/10 Timer 01:00
1 Play Today
% Correct
Family Guy
96.4%
Guys and Dolls
84.1%
Guy de Maupassant
78.7%
Guy Fieri
76.5%
Guy Fawkes
76.3%
Guy Ritchie
69.9%
Guy Lafleur
64.9%
Buddy Guy
62.5%
Guy Pearce
61.4%
Guy Caballero
49.1%

Today's Daily Dose

Remove Ads.
Support Sporcle.
Get the best of Sporcle when you Go Orange. This ad-free experience offers more features, more stats, and more fun while also helping to support Sporcle. Thank you for becoming a member.

You're not logged in!

Compare scores with friends on all Sporcle quizzes.
OR
Log In

Show Comments

Extras

Top Quizzes Today


Score Distribution

Your Account Isn't Verified!

In order to create a playlist on Sporcle, you need to verify the email address you used during registration. Go to your Sporcle Settings to finish the process.

Report this User

Report this user for behavior that violates our Community Guidelines.

Details: